000 00288nam a2200097Ia 4500
082 _a158.1|RICH
245 0 _aLife coach : become the person you've always wanted to be
100 _a Richardson, Pam London, 2009
_966892
942 _cBK
008 210817s9999 xx 000 0 und d
999 _c214963
_d214962